[Event "Titled Tue 10th Jun Late"]
[Site "chess.com INT"]
[Date "2025.06.10"]
[Round "9"]
[White "Vazelakis, Dimitrios"]
[Black "Loya Ibarra, Rigoberto"]
[Result "1-0"]
[WhiteElo "1857"]
[BlackElo "2069"]
[WhiteFideId "4203674"]
[BlackFideId "5110688"]
[EventDate "2025.06.10"]

1. d4 e6 2. e4 Nf6 3. e5 Nd5 4. c4 Nb6 5. Nc3 d6 6. exd6 Bxd6 7. Bd3 Bb4 8. Qg4
Qf6 9. Nf3 h5 10. Qg3 h4 11. Qxc7 Bxc3+ 12. bxc3 Qd8 13. Qxd8+ Kxd8 14. Bg5+ f6
15. Bxh4 g5 16. Bg3 Bd7 17. O-O Nc6 18. Rab1 Kc8 19. Rfd1 Na4 20. Rdc1 f5 21.
Be5 g4 22. Bxh8 gxf3 23. gxf3 Kc7 24. Be5+ Nxe5 25. dxe5 Bc6 26. Be2 Nc5 27. Rd1
Rg8+ 28. Kf1 Nd7 29. f4 Nc5 30. f3 Rh8 31. Kg2 Na4 32. Rb3 Rg8+ 33. Kf2 Nc5 34.
Rbb1 Rh8 35. Rg1 Na4 36. Rg7+ Kc8 37. Rc1 Rxh2+ 38. Ke1 Rh1+ 39. Kd2 Rh2 40. Ke3
Nc5 41. Rcg1 a6 42. Rf7 Rh3 43. Rg8+ 1-0

[Event "Titled Tue 10th Jun Late"]
[Site "chess.com INT"]
[Date "2025.06.10"]
[Round "9"]
[White "Bortnyk, Olexandr"]
[Black "Odegov, Artem"]
[Result "1-0"]
[WhiteTitle "GM"]
[BlackTitle "FM"]
[WhiteElo "2601"]
[BlackElo "2244"]
[WhiteFideId "14120828"]
[BlackFideId "34183644"]
[EventDate "2025.06.10"]

1. d4 d5 2. Nc3 Nf6 3. Bf4 Bd7 4. e3 e6 5. Nf3 a6 6. a3 c5 7. Bd3 Bc6 8. O-O
Nbd7 9. Re1 Be7 10. h3 O-O 11. Rb1 c4 12. Bf1 b5 13. Nd2 a5 14. g4 b4 15. axb4
axb4 16. Ne2 Ne4 17. Nxe4 dxe4 18. Ng3 Nb6 19. Ne2 Nd5 20. Bg3 Bd6 21. Bxd6 Qxd6
22. Ng3 Nb6 23. g5 Bd5 24. Qg4 f5 25. gxf6 Rxf6 26. Nxe4 Bxe4 27. Qxe4 Raf8 28.
f4 g5 29. Qe5 Qe7 30. Bg2 gxf4 31. exf4 Nd7 32. Qg5+ Kh8 33. Re2 Qd6 34. c3 Rxf4
35. Rbe1 bxc3 36. bxc3 e5 37. dxe5 Qc5+ 38. Kh1 R4f5 39. Qg3 Rg8 40. Qh4 Rfg5
41. e6 Ne5 42. Rxe5 Qf2 43. Qxf2 1-0

[Event "Titled Tue 10th Jun Late"]
[Site "chess.com INT"]
[Date "2025.06.10"]
[Round "9"]
[White "Naroditsky, Daniel"]
[Black "Goryachkina, Aleksandra"]
[Result "1-0"]
[WhiteTitle "GM"]
[BlackTitle "GM"]
[WhiteElo "2619"]
[BlackElo "2533"]
[WhiteFideId "2026961"]
[BlackFideId "4147103"]
[EventDate "2025.06.10"]

1. e4 c6 2. d4 d5 3. exd5 cxd5 4. Nf3 Nc6 5. Bb5 Nf6 6. c4 e6 7. Nc3 Be7 8. O-O
O-O 9. c5 Bd7 10. a3 Ne4 11. Ne2 b6 12. b4 bxc5 13. dxc5 a5 14. Bxc6 Bxc6 15.
Ned4 Be8 16. Bb2 Qc7 17. Qd3 Qf4 18. g3 Qg4 19. Ne5 Qh5 20. f4 Rc8 21. f5 f6 22.
Nxe6 fxe5 23. Nxf8 Nxc5 24. Qxd5+ Kxf8 25. Qxe5 Qf7 26. bxc5 Rxc5 27. Qe3 Rc2
28. f6 gxf6 29. Bxf6 Bxf6 30. Qh6+ Bg7 31. Rxf7+ Bxf7 32. Qd6+ Kg8 33. Rf1 Bf8
34. Qf6 Bc5+ 35. Kh1 Bd5+ 36. Rf3 Rd2 37. Qg5+ Kh8 38. Qd8+ Kg7 39. Qc7+ 1-0

[Event "Titled Tue 10th Jun Late"]
[Site "chess.com INT"]
[Date "2025.06.10"]
[Round "9"]
[White "Yanev, Tihomir"]
[Black "Hofstadler, Mario"]
[Result "1-0"]
[WhiteTitle "IM"]
[BlackTitle "CM"]
[WhiteElo "2354"]
[BlackElo "2172"]
[WhiteFideId "2910110"]
[BlackFideId "1660497"]
[EventDate "2025.06.10"]

1. e4 e5 2. Nf3 Nf6 3. Nc3 d6 4. Bc4 Be7 5. O-O Be6 6. Bb3 O-O 7. d4 Bxb3 8.
axb3 Nc6 9. Re1 a6 10. h3 h6 11. d5 Nb8 12. b4 Nbd7 13. Be3 Ne8 14. b5 axb5 15.
Nxb5 c6 16. Nc3 c5 17. Qd3 Nc7 18. Nb5 Nxb5 19. Qxb5 Qc7 20. Nd2 Rfb8 21. Nc4
Bd8 22. f4 f6 23. fxe5 fxe5 24. Rf1 Nf6 25. Nd2 Qb6 26. Qxb6 Bxb6 27. Kf2 Ba5
28. c3 Bd8 29. g4 b5 30. Kf3 Nh7 31. Ke2 Bg5 32. Nf3 Bxe3 33. Kxe3 Nf8 34. Nh4
b4 35. c4 b3 36. Nf5 Ra2 37. Rab1 Rb6 38. Ne7+ Kh7 39. Rxf8 1-0

[Event "Titled Tue 10th Jun Late"]
[Site "chess.com INT"]
[Date "2025.06.10"]
[Round "9"]
[White "Wu, Rochelle"]
[Black "Asish Panda"]
[Result "1-0"]
[WhiteTitle "FM"]
[WhiteElo "2211"]
[BlackElo "1911"]
[WhiteFideId "30908132"]
[BlackFideId "45012458"]
[EventDate "2025.06.10"]

1. Nf3 d5 2. e3 Nf6 3. b3 e6 4. Bb2 Be7 5. Be2 O-O 6. O-O b6 7. d4 Bb7 8. Nbd2
Nbd7 9. c4 Ne4 10. Nxe4 dxe4 11. Nd2 f5 12. Qc2 c5 13. Rad1 cxd4 14. exd4 Rc8
15. Nb1 Bd6 16. Nc3 Rf6 17. g3 Rh6 18. d5 e5 19. Nb5 Bb8 20. f3 a6 21. Nc3 exf3
22. Bxf3 e4 23. Bh1 Ba7 24. Qf2 Ra8 25. Qxf5 b5+ 26. Kg2 e3 27. Nxb5 Qe8 28. Nc7
Qg6 29. Qxg6 Rxg6 30. Rfe1 Rc8 31. Bd4 Bxd4 32. Rxd4 Rxc7 33. Rxe3 Nf6 34. Kg1
Rd7 35. Bf3 Rg5 36. Re6 Rf5 37. Bg2 h5 38. Bh3 Rg5 39. Rxf6 Rdxd5 40. Be6+ Kh7
41. Bxd5 Bxd5 42. Rxa6 Bf3 43. Ra7 Re5 44. Rdd7 Be4 45. Rxg7+ Kh6 46. Rge7 1-0

[Event "Titled Tue 10th Jun Late"]
[Site "chess.com INT"]
[Date "2025.06.10"]
[Round "9"]
[White "Escareno Rojas, Angel Salvador"]
[Black "Bongo Akanga Ndjila, Barthelemy"]
[Result "0-1"]
[BlackTitle "CM"]
[WhiteElo "1965"]
[BlackElo "1847"]
[WhiteFideId "5107733"]
[BlackFideId "10609431"]
[EventDate "2025.06.10"]

1. e4 e6 2. d4 d5 3. e5 c5 4. c3 Nc6 5. Nf3 a6 6. b3 Bd7 7. a4 cxd4 8. cxd4 Rc8
9. Ba3 Bb4+ 10. Nbd2 Bc3 11. Rc1 Qa5 12. Bd3 Nxd4 13. Nxd4 Bxd4 14. Rxc8+ Bxc8
15. f4 Be3 16. Qc2 Bd7 17. Rf1 Ne7 18. Rf3 Ba7 19. Kf1 Nc6 20. Qd1 Nd4 21. Rg3
g6 22. Bb2 Qc5 23. Qc1 Qb6 24. Qc3 Nc6 25. Rf3 Qg1+ 26. Ke2 Qxg2+ 27. Kd1 O-O
28. Bf1 Qg4 29. h3 Qh5 30. Kc1 Rc8 0-1

[Event "Titled Tue 10th Jun Late"]
[Site "chess.com INT"]
[Date "2025.06.10"]
[Round "9"]
[White "Santos, Antonio P"]
[Black "Clawitter, Craig"]
[Result "0-1"]
[WhiteTitle "FM"]
[WhiteElo "2165"]
[BlackElo "2050"]
[WhiteFideId "1900161"]
[BlackFideId "2023105"]
[EventDate "2025.06.10"]

1. d4 e6 2. c4 Nf6 3. g3 d5 4. Bg2 Be7 5. Nf3 O-O 6. O-O dxc4 7. Qc2 a6 8. a4
Bd7 9. Qxc4 Bc6 10. Bf4 a5 11. Nbd2 Na6 12. Rfd1 Bd5 13. Qc1 c5 14. dxc5 Nxc5
15. Ne5 Bxg2 16. Kxg2 Rc8 17. Ndc4 Nd5 18. Ra3 f6 19. Nd3 Nxa4 20. Rxa4 b5 21.
e4 bxa4 22. exd5 Qxd5+ 23. Kg1 Qxc4 24. Qe3 e5 25. Rc1 Qd4 26. Qxd4 Rxc1+ 27.
Bxc1 exd4 28. Bd2 Bb4 29. Nxb4 axb4 30. Bxb4 Rb8 31. Ba3 d3 32. Kf1 Re8 33. Bb4
Re2 34. Ba3 Rc2 35. Ke1 Re2+ 36. Kf1 Kf7 37. h4 Ke6 38. g4 Kd5 39. g5 Ke4 40.
gxf6 gxf6 0-1

[Event "Titled Tue 10th Jun Late"]
[Site "chess.com INT"]
[Date "2025.06.10"]
[Round "9"]
[White "Haszon, David"]
[Black "Shafer, Logan C"]
[Result "0-1"]
[WhiteTitle "FM"]
[BlackTitle "CM"]
[WhiteElo "2264"]
[BlackElo "2217"]
[WhiteFideId "733610"]
[BlackFideId "30993342"]
[EventDate "2025.06.10"]

1. e4 e5 2. Nf3 Nc6 3. Bb5 a6 4. Ba4 Nf6 5. O-O d6 6. d4 b5 7. dxe5 bxa4 8. exf6
Qxf6 9. Nc3 Bg4 10. Nd5 Qd8 11. h3 Bh5 12. Nf4 Bg6 13. Nxg6 hxg6 14. Qd5 Ne7 15.
Qc4 Qd7 16. Bf4 Nc8 17. Rad1 Be7 18. e5 O-O 19. Rfe1 Nb6 20. Qd3 d5 21. Be3 c5
22. e6 Qd6 23. exf7+ Rxf7 24. Bg5 Raf8 25. Bxe7 Rxe7 26. Rxe7 Qxe7 27. Qxg6 Rf6
28. Qh5 Qf7 29. Qg4 Rf4 30. Qg5 Qf6 31. Qh5 Qf7 32. Qe5 Qf6 33. Qe8+ Kh7 34.
Qh5+ Kg8 35. Re1 Re4 36. Rd1 Re7 37. Ng5 Qh6 38. Qg4 Qg6 39. c3 Re4 40. Qg3 Re8
41. h4 Qc2 42. Qg4 Qg6 43. Qf3 Qf6 44. Qh5 Re5 45. Qh7+ Kf8 46. Qh8+ Ke7 47. Qb8
Nd7 48. Nf3 Nxb8 0-1

[Event "Titled Tue 10th Jun Late"]
[Site "chess.com INT"]
[Date "2025.06.10"]
[Round "9"]
[White "Daspres, Loic"]
[Black "Venskaya, Nika"]
[Result "1-0"]
[WhiteTitle "CM"]
[BlackTitle "WCM"]
[WhiteElo "2207"]
[BlackElo "1926"]
[WhiteFideId "20612281"]
[BlackFideId "13523503"]
[EventDate "2025.06.10"]

1. e4 c5 2. Nf3 d6 3. Bb5+ Bd7 4. Bxd7+ Qxd7 5. O-O Nc6 6. c3 Nf6 7. d4 cxd4 8.
cxd4 g6 9. d5 Nd8 10. Nc3 Bg7 11. Nd4 O-O 12. Be3 a6 13. f3 b5 14. Rc1 Rc8 15.
Qd3 e5 16. Nb3 Nb7 17. Qe2 b4 18. Nb1 a5 19. Qa6 a4 20. Na5 Nxa5 21. Qxa5 b3 22.
a3 Ra8 23. Qc7 Rfc8 24. Qxd7 Nxd7 25. Nc3 f5 26. Nb5 Bf8 27. Rc6 Rxc6 28. dxc6
Nc5 29. Bxc5 dxc5 30. c7 Rc8 31. Rd1 Be7 32. Rd7 Bg5 33. Na7 c4 34. Nxc8 c3 35.
Ne7+ Kf7 36. c8=Q cxb2 37. Qc4+ 1-0

[Event "Titled Tue 10th Jun Late"]
[Site "chess.com INT"]
[Date "2025.06.10"]
[Round "9"]
[White "Chen, Yidong"]
[Black "Hernandez Bermudez, Ulises Eduardo"]
[Result "1/2-1/2"]
[WhiteElo "2074"]
[BlackElo "2042"]
[WhiteFideId "8607028"]
[BlackFideId "3902510"]
[EventDate "2025.06.10"]

1. e4 e5 2. Nf3 Nf6 3. Nc3 Bb4 4. Bd3 d5 5. Nxd5 Nxd5 6. exd5 Qxd5 7. O-O O-O 8.
Re1 Nc6 9. Be4 Qd6 10. c3 Bc5 11. d4 exd4 12. Bxc6 Qxc6 13. Nxd4 Bxd4 14. Qxd4
Bf5 15. Be3 a6 16. Qe5 Bg6 17. Bd4 f6 18. Qg3 Rfe8 19. h4 Rxe1+ 20. Rxe1 Re8 21.
Rxe8+ Bxe8 22. Qg4 Bd7 23. Qh5 Qe6 24. Qa5 Qd6 25. h5 Bc6 26. Qf5 Qd7 27. Qf4
Qd5 28. Qg4 Kf7 29. h6 gxh6 30. f3 Qg5 31. Qh3 Ke7 32. b4 Bd7 33. Qh2 Qc1+ 34.
Kf2 Qd2+ 35. Kg3 Qg5+ 36. Kf2 Qd2+ 37. Kg3 Qg5+ 38. Kf2 b6 39. Qxc7 Qd2+ 40. Kg3
Qg5+ 41. Kf2 Qd2+ 42. Kf1 Qd1+ 43. Kf2 Qd2+ 1/2-1/2

[Event "Titled Tue 10th Jun Late"]
[Site "chess.com INT"]
[Date "2025.06.10"]
[Round "9"]
[White "Yevchenko, Oleksandr"]
[Black "Ahmad, Al Khatib"]
[Result "0-1"]
[WhiteTitle "CM"]
[BlackTitle "GM"]
[WhiteElo "2276"]
[BlackElo "2172"]
[WhiteFideId "14108267"]
[BlackFideId "8103178"]
[EventDate "2025.06.10"]

1. c4 e6 2. e4 c5 3. Nc3 Nc6 4. Nf3 g6 5. d4 cxd4 6. Nxd4 a6 7. Be3 Bg7 8. Be2
Nge7 9. O-O O-O 10. Nb3 f5 11. Qd2 Qc7 12. Bc5 b6 13. Bd6 Qb7 14. c5 b5 15. exf5
Rxf5 16. Bf3 Rxf3 17. gxf3 Nf5 18. Ne4 Ncd4 19. Nxd4 Nxd4 20. Qd3 Qd5 21. Rad1
Bb7 22. Qe3 Qf5 23. Rd3 Nxf3+ 24. Qxf3 Bxe4 25. Qxf5 gxf5 26. Rd2 Kf7 27. f3 Bc6
28. Kf2 Bf6 29. Rg1 a5 30. b3 b4 31. h3 a4 32. f4 axb3 33. axb3 Ra3 34. Rd3 Be4
35. Re3 Bd4 36. Re1 Rxb3 37. c6 Bxc6 0-1

[Event "Titled Tue 10th Jun Late"]
[Site "chess.com INT"]
[Date "2025.06.10"]
[Round "9"]
[White "Sjugirov, Sanan"]
[Black "Srihari, L R"]
[Result "1-0"]
[WhiteTitle "GM"]
[BlackTitle "IM"]
[WhiteElo "2635"]
[BlackElo "2480"]
[WhiteFideId "4189302"]
[BlackFideId "46617116"]
[EventDate "2025.06.10"]

1. c4 e6 2. g3 d5 3. Bg2 Nf6 4. Nf3 d4 5. O-O c5 6. d3 Nc6 7. e3 h6 8. exd4 cxd4
9. Bf4 g5 10. Bc1 Bg7 11. Re1 O-O 12. a3 a5 13. h4 g4 14. Ne5 Nxe5 15. Rxe5 Nd7
16. Rb5 f5 17. Nd2 Qc7 18. Qe2 Ra6 19. Rb1 a4 20. b4 axb3 21. Nxb3 e5 22. Bd2
Kh8 23. Na5 b6 24. Nc6 Bb7 25. Ne7 Bxg2 26. Kxg2 Kh7 27. Bb4 Rf7 28. Kg1 h5 29.
Re1 Nc5 30. Nd5 Qc6 31. Bxc5 bxc5 32. Qb2 e4 33. dxe4 fxe4 34. Rxe4 Qg6 35. Rf4
Rxf4 36. Nxf4 Qe4 37. Rb7 Kh6 38. Kh2 Bf6 39. Nd5 d3 40. Nxf6 Qe2 41. Ng8+ Kg6
42. Qg7+ Kf5 43. Qg5+ Ke4 44. Qf4# 1-0

[Event "Titled Tue 10th Jun Late"]
[Site "chess.com INT"]
[Date "2025.06.10"]
[Round "9"]
[White "Urbina Quiroz, Edwin"]
[Black "Pullela, Sricharan"]
[Result "0-1"]
[WhiteElo "2041"]
[BlackElo "2144"]
[WhiteFideId "6500650"]
[BlackFideId "30951089"]
[EventDate "2025.06.10"]

1. e4 e6 2. d4 d5 3. e5 c5 4. c3 Nc6 5. Nf3 Bd7 6. Bd3 Qb6 7. O-O cxd4 8. cxd4
Nxd4 9. Nbd2 Nxf3+ 10. Nxf3 a6 11. Be3 Qd8 12. Ng5 Nh6 13. f4 Be7 14. Qh5 Bxg5
15. fxg5 Nf5 16. Bxf5 exf5 17. Bc5 Be6 18. Bd6 Kd7 19. a4 Rc8 20. Rac1 Qb6+ 21.
Kh1 Rxc1 22. Rxc1 Rc8 23. Rg1 Qe3 24. Qxh7 Qxg5 25. Qh3 Rc1 26. Qb3 Rxg1+ 27.
Kxg1 Qc1+ 28. Kf2 Qc6 29. Qc3 Qxc3 30. bxc3 a5 31. Ke3 Kc6 32. Kd4 b5 33. axb5+
Kxb5 34. h4 g6 35. g3 Ka4 36. Kd3 Kb3 37. Kd2 a4 38. Kc1 Kxc3 39. Kb1 d4 40. Kc1
d3 41. Kd1 Bc4 42. Kc1 Kb3 43. Kd1 a3 44. Kd2 a2 45. e6 a1=Q 46. e7 Qb2+ 47. Ke3
Qe2+ 48. Kf4 d2 49. Kg5 d1=Q 50. Kf6 Qe6+ 51. Kg7 Qdxd6 52. h5 gxh5 53. e8=Q
Qxe8 54. g4 Qg6# 0-1

[Event "Titled Tue 10th Jun Late"]
[Site "chess.com INT"]
[Date "2025.06.10"]
[Round "9"]
[White "Hartge, Gedeon"]
[Black "Manzone, Alessandro"]
[Result "0-1"]
[WhiteTitle "FM"]
[BlackTitle "FM"]
[WhiteElo "2328"]
[BlackElo "2397"]
[WhiteFideId "12932116"]
[BlackFideId "112488"]
[EventDate "2025.06.10"]

1. e4 c5 2. Nf3 e6 3. Nc3 a6 4. g3 d5 5. exd5 exd5 6. d4 Nc6 7. Bg2 cxd4 8. Nxd4
Bc5 9. Nb3 Bb4 10. O-O Bxc3 11. bxc3 Nge7 12. Re1 O-O 13. Bg5 f6 14. Be3 Bf5 15.
Bc5 Re8 16. Rb1 Qd7 17. Nd4 Bg4 18. f3 Bh5 19. Qd3 Ne5 20. Qf1 N7c6 21. f4 Nc4
22. Nxc6 bxc6 23. Bh3 Bg4 24. Bxg4 Qxg4 25. Qf2 h5 26. Rb7 h4 27. Bd4 hxg3 28.
hxg3 a5 29. Kh2 Qh5+ 30. Kg2 Qg4 31. Kh2 Qh5+ 32. Kg2 Nd6 33. Rbe7 Ne4 34. Rxe8+
Rxe8 35. Qe2 Qg6 36. Qf3 c5 0-1

[Event "Titled Tue 10th Jun Late"]
[Site "chess.com INT"]
[Date "2025.06.10"]
[Round "9"]
[White "Yazici, Ugur Doga"]
[Black "Watanabe, Akira"]
[Result "1/2-1/2"]
[WhiteTitle "CM"]
[BlackTitle "FM"]
[WhiteElo "2161"]
[BlackElo "2284"]
[WhiteFideId "6363342"]
[BlackFideId "7000227"]
[EventDate "2025.06.10"]

1. Nf3 Nf6 2. c4 g6 3. Nc3 Bg7 4. e4 d6 5. d4 O-O 6. Be2 e5 7. dxe5 dxe5 8. Qxd8
Rxd8 9. Bg5 Re8 10. Nd5 Nxd5 11. cxd5 c6 12. Bc4 cxd5 13. Bxd5 Nd7 14. Be3 Nf6
15. Rd1 Nxd5 16. exd5 b6 17. Nd2 Ba6 18. Ne4 Rad8 19. Bg5 Rd7 20. Bf6 Bb7 21.
Bxg7 Kxg7 22. Nc3 Red8 23. O-O Bxd5 24. Rfe1 f6 25. f4 exf4 26. Nxd5 Rxd5 27.
Re7+ Kh6 28. Rf1 Rd1 29. Rxa7 Rxf1+ 30. Kxf1 Rd2 31. b4 Rb2 32. a3 b5 33. Kg1 g5
34. Ra5 Ra2 35. Rxb5 Rxa3 36. Rb7 Ra2 37. h3 Kg6 38. b5 Rb2 39. b6 h5 40. Rb8 g4
41. h4 g3 42. Kf1 Kf5 43. b7 f3 44. gxf3 Kf4 45. Rf8 Rxb7 46. Rxf6+ Ke3 47. Kg2
Rg7 48. Re6+ Kf4 49. Rf6+ Ke3 50. Re6+ Kf4 51. Rf6+ Ke3 1/2-1/2

[Event "Titled Tue 10th Jun Late"]
[Site "chess.com INT"]
[Date "2025.06.10"]
[Round "9"]
[White "Schracke, Guido"]
[Black "Donoso Aguirre, Maximiliano"]
[Result "0-1"]
[WhiteTitle "CM"]
[BlackTitle "CM"]
[WhiteElo "2138"]
[BlackElo "2050"]
[WhiteFideId "4637054"]
[BlackFideId "3458920"]
[EventDate "2025.06.10"]

1. e4 e5 2. Nf3 Nc6 3. Nc3 Nf6 4. d4 exd4 5. Nd5 Be7 6. Bc4 Nxe4 7. O-O O-O 8.
Re1 Nd6 9. Bd3 h6 10. Bf4 Re8 11. Qd2 Bf8 12. Rxe8 Nxe8 13. Re1 d6 14. Rxe8 Qxe8
15. Nxc7 Qd8 16. Nxa8 Be6 17. Be4 d5 18. Bd3 Qxa8 19. h3 Qc8 20. a3 Qd7 21. Qe2
Bd6 22. Ne5 Qc7 23. Nxc6 bxc6 24. Bxd6 Qxd6 25. b4 c5 26. bxc5 Qxc5 27. Qe5 Qb6
28. a4 f6 29. Qg3 Kf8 30. Qg6 Bf7 31. Qf5 Qe6 32. Qf4 Qe1+ 33. Kh2 Qe5 34. Kg3
Ke7 35. Kf3 Bh5+ 36. g4 Qxf4+ 37. Kxf4 Bf7 38. Kf3 Kd6 39. Ke2 g5 40. Kd2 Be8
41. a5 Kc5 0-1

[Event "Titled Tue 10th Jun Late"]
[Site "chess.com INT"]
[Date "2025.06.10"]
[Round "9"]
[White "Ferraz, Michel Liah"]
[Black "Radchenko, Alexey"]
[Result "0-1"]
[BlackTitle "FM"]
[WhiteElo "2007"]
[BlackElo "2290"]
[WhiteFideId "22743219"]
[BlackFideId "4192362"]
[EventDate "2025.06.10"]

1. d4 d5 2. c4 c6 3. cxd5 cxd5 4. Nc3 Nc6 5. Nf3 Nf6 6. Bg5 e6 7. e3 Be7 8. Bd3
a6 9. Rc1 O-O 10. O-O b6 11. Ne5 Nxe5 12. dxe5 Nd7 13. Qh5 g6 14. Bxe7 Qxe7 15.
Qe2 Nxe5 16. Bb1 a5 17. Rfd1 Ba6 18. Qd2 Rac8 19. Qd4 Nd7 20. h4 h5 21. b3 Rc5
22. Na4 Rxc1 23. Rxc1 Rb8 24. Rc7 Qd6 25. Ra7 Bb5 26. Nc3 Rc8 27. g3 Bc6 28. f4
e5 29. Ne4 Qa3 30. fxe5 Qc1+ 31. Kh2 Qxb1 32. e6 Qxe4 33. exd7 Qc2+ 34. Kg1 Qb1+
35. Kh2 Qxa2+ 36. Kh3 Bxd7+ 37. Rxd7 Qxb3 38. Qf6 Rf8 39. Qd8 Rxd8 40. Rxd8+ Kg7
41. Rg8+ Kxg8 0-1

[Event "Titled Tue 10th Jun Late"]
[Site "chess.com INT"]
[Date "2025.06.10"]
[Round "9"]
[White "Unver, Cumayi"]
[Black "Sobek, Jaroslav"]
[Result "1-0"]
[BlackTitle "FM"]
[WhiteElo "2012"]
[BlackElo "2195"]
[WhiteFideId "6304940"]
[BlackFideId "301388"]
[EventDate "2025.06.10"]

1. d4 Nf6 2. Nc3 d5 3. Bf4 c6 4. e3 e6 5. Nf3 Bd6 6. Bg3 Qc7 7. Bd3 Nbd7 8. O-O
O-O 9. e4 dxe4 10. Nxe4 Nxe4 11. Bxe4 Bxg3 12. hxg3 Nf6 13. Bd3 b6 14. Qe2 Bb7
15. Rad1 c5 16. dxc5 Qxc5 17. c3 Rfd8 18. Bc2 Qa5 19. Bb3 Ba6 20. Rxd8+ Rxd8 21.
Rd1 Rxd1+ 22. Qxd1 g6 23. Qd4 Qf5 24. Qa4 Bb7 25. Bc2 Qh5 26. Qf4 Bxf3 27. Qxf3
Qe5 28. Bd3 Kg7 29. Qf4 Qc5 30. g4 h6 31. g3 Qd5 32. Be2 Qe4 33. Qxe4 Nxe4 34.
Bf3 Nc5 35. Bd1 a5 36. Kh1 Kf6 37. Bc2 Ke7 38. Kg2 e5 39. Kf3 e4+ 40. Ke3 f5 41.
gxf5 gxf5 42. Kf4 Kf6 43. b4 1-0

[Event "Titled Tue 10th Jun Late"]
[Site "chess.com INT"]
[Date "2025.06.10"]
[Round "9"]
[White "Martinez Alcantara, Jose Eduardo"]
[Black "Niemann, Hans Moke"]
[Result "0-1"]
[WhiteTitle "GM"]
[BlackTitle "GM"]
[WhiteElo "2611"]
[BlackElo "2736"]
[WhiteFideId "3805662"]
[BlackFideId "2093596"]
[EventDate "2025.06.10"]

1. c4 e5 2. Nc3 Be7 3. Nf3 d6 4. d4 Nd7 5. e4 Ngf6 6. Be2 O-O 7. O-O c6 8. Re1
Re8 9. Bf1 Qc7 10. h3 Bf8 11. d5 a5 12. Be3 Nc5 13. Nd2 Bd7 14. Rc1 a4 15. b3
axb3 16. axb3 Na6 17. Na4 c5 18. Nc3 Nb4 19. Ndb1 g6 20. Be2 Qd8 21. Qd2 Bg7 22.
Rcd1 Kh8 23. Qb2 Ng8 24. Na3 f5 25. Nc2 f4 26. Bd2 Nxc2 27. Qxc2 Qh4 28. Qd3 Rf8
29. Ra1 Rad8 30. Ra7 Bc8 31. Na4 Bh6 32. Nb6 f3 33. Bxh6 Nxh6 34. Bxf3 Bxh3 35.
gxh3 Rf7 36. Re3 Qxh3 37. Bg2 Qh4 38. Rf3 Rdf8 39. Ra8 Rxa8 40. Nxa8 Qd8 41. Qe3
Kg7 42. Bh3 Qxa8 43. Be6 Rxf3 44. Qxf3 Qd8 45. Qc3 b6 46. Qa1 Qg5+ 47. Kf1 Ng4
48. Qa7+ Kh6 49. Qb8 Nh2+ 50. Ke2 Qh5+ 51. Kd2 Qf3 52. Qxb6 Qxf2+ 53. Kc1 Nf3
54. Qxd6 Nd4 55. Kb1 Qc2+ 0-1

[Event "Titled Tue 10th Jun Late"]
[Site "chess.com INT"]
[Date "2025.06.10"]
[Round "9"]
[White "Sheehan, Ethan"]
[Black "Arabidze, Meri"]
[Result "1-0"]
[BlackTitle "IM"]
[WhiteElo "2364"]
[BlackElo "2440"]
[WhiteFideId "30943965"]
[BlackFideId "13604040"]
[EventDate "2025.06.10"]

1. d4 Nf6 2. Nf3 e6 3. Bf4 d5 4. e3 c5 5. Nbd2 Nc6 6. c3 cxd4 7. exd4 Nh5 8. Be3
Bd6 9. Bd3 Nf4 10. Bxf4 Bxf4 11. O-O O-O 12. Re1 Bd7 13. Nf1 g6 14. Ne3 h5 15.
g3 Bh6 16. Qc2 Qf6 17. Qe2 a6 18. a4 Rac8 19. h4 Rfe8 20. Kg2 Rc7 21. Qd2 Kg7
22. Re2 Bc8 23. Rae1 Rd7 24. Ng5 e5 25. dxe5 Nxe5 26. f4 Nxd3 27. Qxd3 Red8 28.
Nc2 d4 29. Nxd4 b6 30. Qe3 Bb7+ 31. Kh2 Kg8 32. Qf2 Bf8 33. Re8 Rxe8 34. Rxe8
Kg7 35. Rxf8 Qd6 36. Re8 Qd5 37. Ngf3 Qc4 38. Qe2 Qa2 39. Qe5+ f6 40. Re7+ Rxe7
41. Qxe7+ Kg8 42. Qe6+ Qxe6 43. Nxe6 Bxf3 44. Kg1 Bd5 45. Nc7 Bc4 46. Kf2 Kf7
47. Ke3 Ke7 48. Kd4 Bf1 49. Nd5+ Ke6 50. Nxb6 Kf5 51. Nd5 Bg2 52. Ne3+ Ke6 53.
Nxg2 1-0

[Event "Titled Tue 10th Jun Late"]
[Site "chess.com INT"]
[Date "2025.06.10"]
[Round "9"]
[White "Bulgak, Damir"]
[Black "Khlebovich, Alexander"]
[Result "0-1"]
[BlackTitle "IM"]
[WhiteElo "2213"]
[BlackElo "2423"]
[WhiteFideId "13528882"]
[BlackFideId "4169123"]
[EventDate "2025.06.10"]

1. d4 Nf6 2. c4 g6 3. Nc3 d5 4. cxd5 Nxd5 5. Na4 Nb6 6. e4 e5 7. Nxb6 axb6 8.
dxe5 Qxd1+ 9. Kxd1 Nc6 10. Nf3 Bg4 11. Bg5 Bg7 12. Be2 O-O 13. a3 Rfe8 14. Bf4
Ra4 15. h3 Bxf3 16. gxf3 Rd8+ 17. Ke1 Bxe5 18. Bxe5 Nxe5 19. Rd1 Rad4 20. Rxd4
Rxd4 21. f4 Nc4 22. f3 Nxb2 23. Kf2 c6 24. Rb1 Na4 25. Ke3 Rd8 26. e5 b5 27. Rb3
Nb6 28. Ke4 f5+ 29. Ke3 Nd5+ 30. Kf2 Nxf4 31. Bf1 Ra8 32. Kg3 Nd5 33. f4 Ra4 34.
e6 Kf8 35. Bxb5 cxb5 36. Rxb5 Nxf4 37. e7+ Kxe7 38. Rxb7+ Kf6 39. Rxh7 Ne6 40.
Rb7 Rxa3+ 41. Kg2 Nf4+ 42. Kf2 Nxh3+ 43. Kg2 Nf4+ 44. Kf2 Kg5 45. Rb1 Nh3+ 46.
Kg2 Kg4 47. Rb2 f4 48. Kh2 Ng5 49. Kg2 Rg3+ 50. Kh2 Nf3+ 51. Kh1 Rg1# 0-1

[Event "Titled Tue 10th Jun Late"]
[Site "chess.com INT"]
[Date "2025.06.10"]
[Round "9"]
[White "Nigalidze, Gaioz"]
[Black "Kilic, Eray"]
[Result "0-1"]
[WhiteTitle "IM"]
[BlackTitle "IM"]
[WhiteElo "2368"]
[BlackElo "2474"]
[WhiteFideId "13603078"]
[BlackFideId "44517173"]
[EventDate "2025.06.10"]

1. e4 c5 2. Nf3 d6 3. c3 Nf6 4. d3 g6 5. Be2 Bg7 6. O-O O-O 7. Nbd2 Nc6 8. Qc2
d5 9. a4 e5 10. Re1 Re8 11. exd5 Nxd5 12. Ne4 b6 13. Bf1 f5 14. Ned2 Bb7 15. Nc4
Rc8 16. Qb3 h6 17. a5 Kh7 18. axb6 axb6 19. g3 Rb8 20. Bg2 Na5 21. Nxa5 bxa5 22.
Qa4 Nb6 23. Qc2 e4 24. dxe4 Bxe4 25. Qd1 Qxd1 26. Rxd1 Nc4 27. Ra4 Bc2 28. Rxc4
Bxd1 29. Bf4 Rxb2 30. Rxc5 Rb1 31. Nd2 Rc1 32. Rxa5 Be2+ 33. Bf1 Bxc3 34. Ra7+
Kg8 35. Kg2 Bxd2 36. Bxe2 Bxf4 37. Bb5 Bb8 38. Ra6 Rd8 39. Rxg6+ Kf7 40. Rxh6
Rc2 41. Ba4 Rb2 42. Rh7+ Kg6 43. Rd7 Rxd7 44. Bxd7 Ba7 45. Be8+ Kf6 46. h4 Rxf2+
47. Kh3 Re2 48. Bb5 Re3 49. Kg2 Bb8 50. Kf2 Rxg3 0-1